<?xml version="1.0" encoding="UTF-8"?>
<record
    xmlns:xsi="http://www.w3.org/2001/XMLSchema-instance"
    xsi:schemaLocation="http://www.loc.gov/MARC21/slim http://www.loc.gov/standards/marcxml/schema/MARC21slim.xsd"
    xmlns="http://www.loc.gov/MARC21/slim">

  <leader>02150    a2200265   4500</leader>
  <controlfield tag="001">2162214035926813</controlfield>
  <controlfield tag="003">UA-OsUOA</controlfield>
  <controlfield tag="005">20260511102430.0</controlfield>
  <controlfield tag="008">260511b        un ao||| |||| 00| 0dukr d</controlfield>
  <datafield tag="020" ind1=" " ind2=" ">
    <subfield code="a">9668321464</subfield>
  </datafield>
  <datafield tag="040" ind1=" " ind2=" ">
    <subfield code="a">UA-OsUOA</subfield>
    <subfield code="b">ukr</subfield>
    <subfield code="c">UA-OsUOA</subfield>
    <subfield code="d">UA-OsUOA</subfield>
  </datafield>
  <datafield tag="041" ind1=" " ind2=" ">
    <subfield code="a">ukr</subfield>
  </datafield>
  <datafield tag="080" ind1=" " ind2=" ">
    <subfield code="a">94(477):343.32</subfield>
  </datafield>
  <datafield tag="090" ind1=" " ind2=" ">
    <subfield code="a">94(477):343.32</subfield>
    <subfield code="b">&#x411;23</subfield>
  </datafield>
  <datafield tag="100" ind1=" " ind2=" ">
    <subfield code="a">&#x411;&#x430;&#x43D;&#x442;&#x438;&#x448;&#x435;&#x432; &#x41E;. &#x424;., &#x421;&#x435;&#x43B;&#x44E;&#x43A; &#x410;. &#x412;.</subfield>
    <subfield code="9">25207</subfield>
  </datafield>
  <datafield tag="245" ind1=" " ind2=" ">
    <subfield code="a">&#x41F;&#x430;&#x441;&#x442;&#x43A;&#x430; &#x434;&#x43B;&#x44F; &#x435;&#x43B;&#x456;&#x442;&#x438;</subfield>
  </datafield>
  <datafield tag="260" ind1=" " ind2=" ">
    <subfield code="a">&#x41A;&#x438;&#x457;&#x432;</subfield>
    <subfield code="b">&#x41D;&#x43E;&#x440;&#x430; - &#x414;&#x440;&#x443;&#x43A;</subfield>
    <subfield code="c">2004</subfield>
  </datafield>
  <datafield tag="300" ind1=" " ind2=" ">
    <subfield code="a">290 &#x441;.</subfield>
  </datafield>
  <datafield tag="490" ind1=" " ind2=" ">
    <subfield code="a">&#x411;&#x456;&#x431;&#x43B;&#x456;&#x43E;&#x442;&#x435;&#x43A;&#x430; &#x436;&#x443;&#x440;&#x43D;&#x430;&#x43B;&#x443; "&#x412; &#x43C;&#x438;&#x440;&#x435; &#x441;&#x43F;&#x435;&#x446;&#x441;&#x43B;&#x443;&#x436;&#x431;"</subfield>
  </datafield>
  <datafield tag="520" ind1=" " ind2=" ">
    <subfield code="a">&#x410;&#x432;&#x442;&#x43E;&#x440;&#x438; &#x43A;&#x43D;&#x438;&#x433;&#x438;, &#x44F;&#x43A;&#x443; &#x432;&#x438; &#x442;&#x440;&#x438;&#x43C;&#x430;&#x454;&#x442;&#x435; &#x432; &#x440;&#x443;&#x43A;&#x430;&#x445;, &#x43C;&#x430;&#x43B;&#x438; &#x43C;&#x43E;&#x436;&#x43B;&#x438;&#x432;&#x456;&#x441;&#x442;&#x44C; &#x434;&#x435;&#x442;&#x430;&#x43B;&#x44C;&#x43D;&#x43E; &#x43E;&#x437;&#x43D;&#x430;&#x439;&#x43E;&#x43C;&#x438;&#x442;&#x438;&#x441;&#x44F; &#x437; &#x43A;&#x440;&#x438;&#x43C;&#x456;&#x43D;&#x430;&#x43B;&#x44C;&#x43D;&#x438;&#x43C;&#x438; &#x441;&#x43F;&#x440;&#x430;&#x432;&#x430;&#x43C;&#x438;, &#x441;&#x444;&#x430;&#x43B;&#x44C;&#x441;&#x438;&#x444;&#x456;&#x43A;&#x43E;&#x432;&#x430;&#x43D;&#x438;&#x43C;&#x438; &#x437;&#x430; &#x447;&#x430;&#x441;&#x456;&#x432; &#x441;&#x442;&#x430;&#x43B;&#x456;&#x43D;&#x441;&#x44C;&#x43A;&#x438;&#x445; &#x440;&#x435;&#x43F;&#x440;&#x435;&#x441;&#x456;&#x439;. &#x412;&#x438; &#x437;&#x443;&#x441;&#x442;&#x440;&#x456;&#x43D;&#x435;&#x442;&#x435; &#x434;&#x43E;&#x431;&#x440;&#x435; &#x437;&#x43D;&#x430;&#x439;&#x43E;&#x43C;&#x456; &#x432;&#x430;&#x43C; &#x456;&#x43C;&#x435;&#x43D;&#x430; &#x41F;&#x430;&#x432;&#x43B;&#x430; &#x413;&#x443;&#x431;&#x435;&#x43D;&#x43A;&#x430; (&#x41E;&#x441;&#x442;&#x430;&#x43F; &#x412;&#x438;&#x448;&#x43D;&#x44F;), &#x41C;&#x430;&#x43A;&#x441;&#x438;&#x43C;&#x430; &#x420;&#x438;&#x43B;&#x44C;&#x441;&#x44C;&#x43A;&#x43E;&#x433;&#x43E;, &#x42E;&#x440;&#x456;&#x44F; &#x41A;&#x43E;&#x446;&#x44E;&#x431;&#x438;&#x43D;&#x441;&#x44C;&#x43A;&#x43E;&#x433;&#x43E;, &#x430; &#x442;&#x430;&#x43A;&#x43E;&#x436; &#x456;&#x43C;&#x435;&#x43D;&#x430; &#x456;&#x43D;&#x448;&#x438;&#x445; &#x442;&#x430;&#x43B;&#x430;&#x43D;&#x43E;&#x432;&#x438;&#x442;&#x438;&#x445; &#x441;&#x438;&#x43D;&#x456;&#x432; &#x423;&#x43A;&#x440;&#x430;&#x457;&#x43D;&#x438;, &#x44F;&#x43A;&#x456; &#x432;&#x436;&#x435; &#x43D;&#x456;&#x447;&#x43E;&#x433;&#x43E; &#x43D;&#x435; &#x43A;&#x430;&#x436;&#x443;&#x442;&#x44C; &#x43F;&#x435;&#x440;&#x435;&#x441;&#x456;&#x447;&#x43D;&#x43E;&#x43C;&#x443; &#x441;&#x443;&#x447;&#x430;&#x441;&#x43D;&#x43E;&#x43C;&#x443; &#x447;&#x438;&#x442;&#x430;&#x447;&#x443;, &#x431;&#x43E; &#x440;&#x43E;&#x43A;&#x438; &#x432;&#x43E;&#x43D;&#x438; &#x437;&#x430;&#x43C;&#x43E;&#x432;&#x447;&#x443;&#x432;&#x430;&#x43B;&#x438;&#x441;&#x44F; &#x442;&#x430;&#x43A;, &#x43D;&#x430;&#x447;&#x435; &#x43B;&#x44E;&#x434;&#x438;, &#x44F;&#x43A;&#x456; &#x436;&#x438;&#x43B;&#x438;, &#x442;&#x432;&#x43E;&#x440;&#x438;&#x43B;&#x438;, &#x441;&#x43C;&#x456;&#x44F;&#x43B;&#x438;&#x441;&#x44F;, &#x43A;&#x43E;&#x445;&#x430;&#x43B;&#x438;, &#x43D;&#x430;&#x440;&#x43E;&#x434;&#x436;&#x443;&#x432;&#x430;&#x43B;&#x438; &#x434;&#x456;&#x442;&#x435;&#x439;, &#x43C;&#x440;&#x456;&#x44F;&#x43B;&#x438; &#x43F;&#x440;&#x43E; &#x43C;&#x430;&#x439;&#x431;&#x443;&#x442;&#x43D;&#x454;, &#x430; &#x43F;&#x43E;&#x442;&#x456;&#x43C; &#x432;&#x43C;&#x435;&#x440;&#x43B;&#x438; &#x432; &#x43C;&#x443;&#x43A;&#x430;&#x445;, - &#x432;&#x437;&#x430;&#x433;&#x430;&#x43B;&#x456; &#x43D;&#x435; &#x456;&#x441;&#x43D;&#x443;&#x432;&#x430;&#x43B;&#x438;.
&#x426;&#x456; &#x43C;&#x430;&#x442;&#x435;&#x440;&#x456;&#x430;&#x43B;&#x438; &#x43F;&#x443;&#x431;&#x43B;&#x456;&#x43A;&#x443;&#x44E;&#x442;&#x44C;&#x441;&#x44F; &#x432;&#x43F;&#x435;&#x440;&#x448;&#x435;, &#x442;&#x43E;&#x43C;&#x443; &#x43D;&#x435; &#x432;&#x438;&#x43A;&#x43B;&#x44E;&#x447;&#x435;&#x43D;&#x430; &#x43C;&#x43E;&#x436;&#x43B;&#x438;&#x432;&#x456;&#x441;&#x442;&#x44C;, &#x449;&#x43E; &#x445;&#x442;&#x43E;&#x441;&#x44C; &#x437;&#x43D;&#x430;&#x439;&#x434;&#x435; &#x443; &#x43D;&#x438;&#x445; &#x432;&#x456;&#x434;&#x43E;&#x43C;&#x43E;&#x441;&#x442;&#x456; &#x43F;&#x440;&#x43E; &#x434;&#x430;&#x432;&#x43D;&#x43E; &#x437;&#x43D;&#x438;&#x43A;&#x43B;&#x438;&#x445; &#x431;&#x435;&#x437;&#x432;&#x456;&#x441;&#x442;&#x438; &#x440;&#x43E;&#x434;&#x438;&#x447;&#x456;&#x432; &#x447;&#x438; &#x437;&#x43D;&#x430;&#x439;&#x43E;&#x43C;&#x438;&#x445;.
&#x41A;&#x43D;&#x438;&#x433;&#x430; &#x440;&#x43E;&#x437;&#x440;&#x430;&#x445;&#x43E;&#x432;&#x430;&#x43D;&#x430; &#x43D;&#x430; &#x448;&#x438;&#x440;&#x43E;&#x43A;&#x438;&#x439; &#x437;&#x430;&#x433;&#x430;&#x43B; &#x447;&#x438;&#x442;&#x430;&#x447;&#x456;&#x432;.</subfield>
  </datafield>
  <datafield tag="650" ind1=" " ind2=" ">
    <subfield code="a">94(477) &#x406;&#x441;&#x442;&#x43E;&#x440;&#x456;&#x44F; &#x423;&#x43A;&#x440;&#x430;&#x457;&#x43D;&#x438;</subfield>
    <subfield code="9">1446</subfield>
  </datafield>
  <datafield tag="942" ind1=" " ind2=" ">
    <subfield code="c">BK</subfield>
    <subfield code="2">udc</subfield>
  </datafield>
  <datafield tag="955" ind1=" " ind2=" ">
    <subfield code="a">4</subfield>
  </datafield>
  <datafield tag="999" ind1=" " ind2=" ">
    <subfield code="c">580684</subfield>
    <subfield code="d">580684</subfield>
  </datafield>
  <datafield tag="952" ind1=" " ind2=" ">
    <subfield code="0">0</subfield>
    <subfield code="1">0</subfield>
    <subfield code="2">udc</subfield>
    <subfield code="4">0</subfield>
    <subfield code="7">0</subfield>
    <subfield code="8">C_Shevchuk_V.</subfield>
    <subfield code="a">101</subfield>
    <subfield code="b">101</subfield>
    <subfield code="d">2026-05-11</subfield>
    <subfield code="e">&#x410;&#x43A;&#x442; &#x2116;24/28.04.2026</subfield>
    <subfield code="g">25.00</subfield>
    <subfield code="i">169920</subfield>
    <subfield code="l">0</subfield>
    <subfield code="o">94(477) &#x411;23</subfield>
    <subfield code="p">169920</subfield>
    <subfield code="r">2026-05-11 10:03:08</subfield>
    <subfield code="v">25.00</subfield>
    <subfield code="w">2026-05-11</subfield>
    <subfield code="y">BK</subfield>
  </datafield>
</record>
